npj Fluid Dynamics (Запис № 579942)

МАРК-запис
000 -LEADER
fixed length control field 02448nas a22003855i 4500
001 - CONTROL NUMBER
control field 3091-549X
003 - CONTROL NUMBER IDENTIFIER
control field DE-He213
005 - DATE AND TIME OF LATEST TRANSACTION
control field 20260304140721.0
007 - PHYSICAL DESCRIPTION FIXED FIELD--GENERAL INFORMATION
fixed length control field cr nn 008mamaa
008 - FIXED-LENGTH DATA ELEMENTS--GENERAL INFORMATION
fixed length control field 251015s||||||||xxkuu poo|||||| b|EN |d
022 ## - INTERNATIONAL STANDARD SERIAL NUMBER
International Standard Serial Number 3091-549X
024 7# - OTHER STANDARD IDENTIFIER
Standard number or code 44553
Source of number or code local
210 10 - ABBREVIATED TITLE
Abbreviated title npj Fluid Dyn.
245 10 - TITLE STATEMENT
Title npj Fluid Dynamics
Medium [electronic resource] /
Statement of responsibility, etc edited by Juan Low.
264 #1 -
-- London :
-- Nature Publishing Group UK :
-- Imprint: Nature Portfolio.
300 ## - PHYSICAL DESCRIPTION
Other physical details online resource.
520 ## - SUMMARY, ETC.
Summary, etc The journal aims to provide a selective, high-quality open access platform for the publication of fundamental, applied and computational research in Fluid Dynamics. It will publish rigorous, high-impact studies that advance the understanding of fluid flow phenomena across scales and applications act as a central hub for interdisciplinary research, connecting physics, engineering, applied mathematics, materials, climate science and biomedical applications contribute to real-world challenges including sustainable energy, climate modelling, aerospace innovation and advanced manufacturing The topics covered will include (but not limited to): - Theoretical, experimental and computational fluid mechanics (including CFD and multiscale modelling) - Turbulence, stability and transition phenomena- Multiphase and complex flows - Microfluidics and nanofluidics- Compressible, reactive and high-speed flows- Aerodynamics and hydrodynamics across engineering applications- Geophysical and climate-related flows- Biomedical and physiological fluid dynamics- Flow–structure interactions and fluid-thermal coupling- Data-driven and AI-enhanced approaches in fluid dynamics.
650 #0 - SUBJECT ADDED ENTRY--TOPICAL TERM
Topical term or geographic name as entry element Fluid mechanics.
9 (RLIN) 1081
650 #0 - SUBJECT ADDED ENTRY--TOPICAL TERM
Topical term or geographic name as entry element Soft condensed matter.
9 (RLIN) 461
650 #0 - SUBJECT ADDED ENTRY--TOPICAL TERM
Topical term or geographic name as entry element Continuum mechanics.
650 #0 - SUBJECT ADDED ENTRY--TOPICAL TERM
Topical term or geographic name as entry element Mathematical physics.
650 #0 - SUBJECT ADDED ENTRY--TOPICAL TERM
Topical term or geographic name as entry element Computer simulation.
9 (RLIN) 621
650 #0 - SUBJECT ADDED ENTRY--TOPICAL TERM
Topical term or geographic name as entry element Production engineering.
650 #0 - SUBJECT ADDED ENTRY--TOPICAL TERM
Topical term or geographic name as entry element Rheology.
9 (RLIN) 24202
650 14 - SUBJECT ADDED ENTRY--TOPICAL TERM
Topical term or geographic name as entry element Engineering Fluid Dynamics.
9 (RLIN) 1087
650 24 - SUBJECT ADDED ENTRY--TOPICAL TERM
Topical term or geographic name as entry element Fluids.
9 (RLIN) 468
650 24 - SUBJECT ADDED ENTRY--TOPICAL TERM
Topical term or geographic name as entry element Continuum Mechanics.
650 24 - SUBJECT ADDED ENTRY--TOPICAL TERM
Topical term or geographic name as entry element Computational Physics and Simulations.
650 24 - SUBJECT ADDED ENTRY--TOPICAL TERM
Topical term or geographic name as entry element Thermal Process Engineering.
9 (RLIN) 24203
650 24 - SUBJECT ADDED ENTRY--TOPICAL TERM
Topical term or geographic name as entry element Rheology.
9 (RLIN) 24202
700 1# - ADDED ENTRY--PERSONAL NAME
Personal name Low, Juan.
Relator term editor.
Relator code edt
-- http://id.loc.gov/vocabulary/relators/edt
9 (RLIN) 24204
710 2# - ADDED ENTRY--CORPORATE NAME
Corporate name or jurisdiction name as entry element SpringerLink (Online service)
856 40 - ELECTRONIC LOCATION AND ACCESS
Uniform Resource Identifier <a href="https://www.nature.com/npjfluiddyn ">https://www.nature.com/npjfluiddyn </a>
Public note Open Access

Немає доступних примірників.